| 000 | 01508nam a2200325 a 4500 | ||
|---|---|---|---|
| 001 | ebr10041179 | ||
| 003 | CaPaEBR | ||
| 006 | m u | ||
| 007 | cr cn||||||||| | ||
| 008 | 970612s1997 dcu sb 000 0 eng d | ||
| 010 | _z 97066336 | ||
| 020 | _z0309057418 | ||
| 040 |
_aCaPaEBR _cCaPaEBR |
||
| 035 | _a(OCoLC)56119369 | ||
| 050 | 1 | 4 |
_aUA770 _b.P6932 1997eb |
| 082 | 0 | 4 |
_a327.1/747/0947 _221 |
| 245 | 0 | 0 |
_aProliferation concerns _h[electronic resource] : _bassessing U.S. efforts to help contain nuclear and other dangerous materials and technologies in the former Soviet Union / _cOffice of International Affairs, National Research Council. |
| 260 |
_aWashington, D.C. : _bNational Academy Press, _c1997. |
||
| 300 | _axv, 142 p. | ||
| 504 | _aIncludes bibliographical references. | ||
| 533 |
_aElectronic reproduction. _bPalo Alto, Calif. : _cebrary, _d2013. _nAvailable via World Wide Web. _nAccess may be limited to ebrary affiliated libraries. |
||
| 650 | 0 |
_aNuclear weapons _zFormer Soviet republics _xSafety measures. |
|
| 650 | 0 |
_aNuclear nonproliferation _xInternational cooperation. |
|
| 650 | 0 |
_aTechnical assistance, American _zFormer Soviet republics. |
|
| 650 | 0 |
_aExport controls _zFormer Soviet republics. |
|
| 650 | 0 |
_aNuclear disarmament _zFormer Soviet republics. |
|
| 655 | 7 |
_aElectronic books. _2local |
|
| 710 | 2 | _aebrary, Inc. | |
| 856 | 4 | 0 |
_uhttp://site.ebrary.com/lib/rucke/Doc?id=10041179 _zAn electronic book accessible through the World Wide Web; click to view |
| 999 |
_c60802 _d60802 |
||